<?xml version="1.0" encoding="UTF-8"?>
<record
    xmlns:xsi="http://www.w3.org/2001/XMLSchema-instance"
    xsi:schemaLocation="http://www.loc.gov/MARC21/slim http://www.loc.gov/standards/marcxml/schema/MARC21slim.xsd"
    xmlns="http://www.loc.gov/MARC21/slim">

  <leader>00728cam a22002417a 4500</leader>
  <datafield tag="999" ind1=" " ind2=" ">
    <subfield code="c">29434</subfield>
    <subfield code="d">29434</subfield>
  </datafield>
  <controlfield tag="001">16970373</controlfield>
  <controlfield tag="003">OSt</controlfield>
  <controlfield tag="005">20181211020110.0</controlfield>
  <controlfield tag="008">110921s2011    ke            000 d swa  </controlfield>
  <datafield tag="010" ind1=" " ind2=" ">
    <subfield code="a">  2011348608</subfield>
  </datafield>
  <datafield tag="020" ind1=" " ind2=" ">
    <subfield code="a">9789966257758</subfield>
  </datafield>
  <datafield tag="040" ind1=" " ind2=" ">
    <subfield code="a">DLC</subfield>
    <subfield code="c">DLC</subfield>
  </datafield>
  <datafield tag="042" ind1=" " ind2=" ">
    <subfield code="a">lcode</subfield>
  </datafield>
  <datafield tag="050" ind1="0" ind2="0">
    <subfield code="a">MLCS 2011/01079 (P)</subfield>
  </datafield>
  <datafield tag="100" ind1="1" ind2=" ">
    <subfield code="a">Ngugi, Gerishon.</subfield>
  </datafield>
  <datafield tag="245" ind1="1" ind2="0">
    <subfield code="a">Nimelogwa nisiwe na mpenzi /</subfield>
    <subfield code="c">Gerishon Ngugi.</subfield>
  </datafield>
  <datafield tag="260" ind1=" " ind2=" ">
    <subfield code="a">Nairobi, Kenya :</subfield>
    <subfield code="b">East African Educational Publishers,</subfield>
    <subfield code="c">2011.</subfield>
  </datafield>
  <datafield tag="300" ind1=" " ind2=" ">
    <subfield code="a">viii, 95 p. ;</subfield>
    <subfield code="c">18 cm.</subfield>
  </datafield>
  <datafield tag="520" ind1=" " ind2=" ">
    <subfield code="a">A play.</subfield>
  </datafield>
  <datafield tag="546" ind1=" " ind2=" ">
    <subfield code="a">In Swahili.</subfield>
  </datafield>
  <datafield tag="906" ind1=" " ind2=" ">
    <subfield code="a">7</subfield>
    <subfield code="b">cbc</subfield>
    <subfield code="c">origode</subfield>
    <subfield code="d">4</subfield>
    <subfield code="e">ncip</subfield>
    <subfield code="f">20</subfield>
    <subfield code="g">y-gencatlg</subfield>
  </datafield>
  <datafield tag="942" ind1=" " ind2=" ">
    <subfield code="2">lcc</subfield>
    <subfield code="c">AFRICANA</subfield>
    <subfield code="h">PL 8704 .N44 2010</subfield>
    <subfield code="0">3</subfield>
  </datafield>
  <datafield tag="952" ind1=" " ind2=" ">
    <subfield code="0">0</subfield>
    <subfield code="1">0</subfield>
    <subfield code="2">lcc</subfield>
    <subfield code="4">0</subfield>
    <subfield code="7">0</subfield>
    <subfield code="a">MUC</subfield>
    <subfield code="b">MUC</subfield>
    <subfield code="c">AFR</subfield>
    <subfield code="d">2017-12-05</subfield>
    <subfield code="e">PURCHASE (TEXTBOOK)</subfield>
    <subfield code="g">340.00</subfield>
    <subfield code="l">7</subfield>
    <subfield code="o">PL 8704 .N44 2010</subfield>
    <subfield code="p">37900</subfield>
    <subfield code="r">2025-10-06</subfield>
    <subfield code="s">2025-10-06</subfield>
    <subfield code="w">2017-12-05</subfield>
    <subfield code="y">AFRICANA</subfield>
  </datafield>
  <datafield tag="952" ind1=" " ind2=" ">
    <subfield code="0">0</subfield>
    <subfield code="1">0</subfield>
    <subfield code="2">lcc</subfield>
    <subfield code="4">0</subfield>
    <subfield code="7">0</subfield>
    <subfield code="a">MUC</subfield>
    <subfield code="b">MUC</subfield>
    <subfield code="c">AFR</subfield>
    <subfield code="d">2017-12-05</subfield>
    <subfield code="e">PURCHASE (TEXTBOOK)</subfield>
    <subfield code="g">340.00</subfield>
    <subfield code="l">0</subfield>
    <subfield code="o">PL 8704 .N44 2010</subfield>
    <subfield code="p">37901</subfield>
    <subfield code="r">2023-11-10</subfield>
    <subfield code="w">2017-12-05</subfield>
    <subfield code="y">AFRICANA</subfield>
  </datafield>
  <datafield tag="952" ind1=" " ind2=" ">
    <subfield code="0">0</subfield>
    <subfield code="1">0</subfield>
    <subfield code="2">lcc</subfield>
    <subfield code="4">0</subfield>
    <subfield code="7">0</subfield>
    <subfield code="a">MUC</subfield>
    <subfield code="b">MUC</subfield>
    <subfield code="c">AFR</subfield>
    <subfield code="d">2017-12-05</subfield>
    <subfield code="e">PURCHASE (TEXTBOOK)</subfield>
    <subfield code="g">340.00</subfield>
    <subfield code="l">7</subfield>
    <subfield code="o">PL 8704 .N44 2010</subfield>
    <subfield code="p">37902</subfield>
    <subfield code="r">2023-04-03</subfield>
    <subfield code="s">2023-04-03</subfield>
    <subfield code="w">2017-12-05</subfield>
    <subfield code="y">AFRICANA</subfield>
  </datafield>
</record>
